College Quizbowl Stats
College Quizbowl Stats
Circuits
Seasons
Sets
Records
Detailed Stats
About
Loading...
Northern California
Tossups
Bonuses
Players
Teams
Categories (Tossup)
Categories (Bonus)
Sebastian Hofmann
UC Berkeley E
Categories
Category
Powers
Gets
Negs
BBs
Points
Earliest Buzz
Avg. Buzz
First Buzzes
Top 3 Buzzes
BPA
PVF
Social Science
0
3
0
0
30
49
63.67
0
2
0.00
0.00
Science - Other
0
1
0
0
10
110
110.00
0
0
0.00
0.00
Science - Biology
0
0
1
0
-5
0.00
0
0
0.00
0.00
Buzzes
Category
Answer
Value
Buzz Position
Social Science
England
10
49
Science - Biology
heterozygosity
-5
61
Social Science
international relations
10
67
Social Science
China
10
75
Science - Other
gradient
10
110
Science - Other
Boolean formulas
0
131
Previous
1
Next